000 00537nam a2200217Ia 4500
003 OSt
005 20220926042230.0
006 a|||||r|||| 00| 0
007 ta
008 220923b |||||||| |||| 00| 0 eng d
037 _cGeneral Book
040 _aRTL
_cRTL
_beng
041 _2eng
_aeng
082 _aY73(P158):1, E1
100 _aEndle Sidney
_9345955
245 0 _aKacharis
260 _c1911
650 _aIndian
_9232679
942 _hY73(P158):1, E1
_cGB
_2CC
999 _c669164
_d669164